[Event "SWE-chJ"]
[Site "Linkoping"]
[Date "1996.??.??"]
[Round "?"]
[White "Upmark, Johan"]
[Black "Livner, Anders"]
[Result "0-1"]
[WhiteElo "2105"]
[BlackElo "2080"]

1.e4 c5 2.Nf3 e6 3.d4 cxd4 4.Nxd4 Nc6 5.Nc3 Qc7 6.Be3 a6 7.Bd3 Nf6 8.O-O Ne5
9.Nde2 Nfg4 10.Bf4 g5 11.Bxe5 Qxe5 12.g3 h5 13.h3 Nf6 14.f4 Qc5+ 15.Kh2 h4
16.e5 hxg3+ 17.Nxg3 gxf4 18.Rxf4 Qxe5 19.Qf3 Nh5 20.Nxh5 Rxh5 21.Ne4 Rf5
22.Rf1 Bh6 23.Nd6+ Qxd6 24.Bxf5 Qxf4+  0-1

[Event "SWE-chJ"]
[Site "Linkoping"]
[Date "1996.??.??"]
[Round "?"]
[White "Tagesson, Bjorn"]
[Black "Livner, Anders"]
[Result "0-1"]
[WhiteElo "2075"]
[BlackElo "2080"]

1.e4 c5 2.Nc3 Nc6 3.Nf3 e6 4.d4 cxd4 5.Nxd4 Qc7 6.g3 Nf6 7.Bg2 a6 8.O-O Be7
9.Re1 d6 10.b3 O-O 11.Bb2 Nxd4 12.Qxd4 b5 13.e5 dxe5 14.Rxe5 Bb7 15.Bxb7 Qxb7
16.Rae1 Rfd8 17.Qh4 Rac8 18.a3 Qf3 19.R5e3 Qf5 20.Qf4 Qxc2 21.R1e2 Qg6 22.Kg2 Rc5
23.Re5 Bd6 24.Rd2 Rcc8 25.Rxd6 Rxd6 26.Rg5 Rd4 27.Rc5 Rdd8 28.Rg5 e5 29.Qxe5 Ng4
30.Qf4 Rd4 31.Qxd4 Qxg5 32.Nd5 Rf8 33.Ne7+ Kh8 34.Nf5 Nf6 35.Qd6 Rg8 36.Nxg7 Kxg7
37.f4 Qg6 38.h4 Qe4+ 39.Kh3 Qe6+  0-1

[Event "SWE-ch"]
[Site "Linkoping"]
[Date "1996.??.??"]
[Round "1"]
[White "Lind, Jan Olov"]
[Black "Sjoberg, Mats"]
[Result "0-1"]
[WhiteElo "2310"]
[BlackElo "2445"]

1.e4 c5 2.Nf3 e6 3.d4 cxd4 4.Nxd4 Nc6 5.Nc3 Qc7 6.Be3 a6 7.Bd3 Bd6 8.Nde2 Nf6
9.h3 Be7 10.O-O d6 11.f4 b5 12.a3 O-O 13.Qe1 b4 14.Na4 bxa3 15.bxa3 Rb8 16.Qf2 d5
17.e5 Nd7 18.Nd4 Nxd4 19.Bxd4 Qa5 20.Nc3 Nc5 21.Nb1 Bd7 22.Nd2 Rfc8 23.Rfb1 Rxb1+
24.Nxb1 Nxd3 25.cxd3 Bb5 26.Qe3 Rc2 27.Bb6 Qxb6 28.Qxb6 Bc5+ 29.Qxc5 Rxc5
30.Nd2 Bxd3 31.Nb3 Rc2 32.Rc1 Rxc1+ 33.Nxc1 Bc4 34.Kf2 Kf8 35.Ke3 Ke7 36.Kd4 Kd7
37.Kc5 Kc7 38.g3 a5 39.h4 h5 40.Kd4 Kb6 41.Kc3 Kc5  0-1

[Event "SWE-ch"]
[Site "Linkoping"]
[Date "1996.??.??"]
[Round "2"]
[White "Hall, Jesper"]
[Black "Lindberg, Bengt"]
[Result "0-1"]
[WhiteElo "2425"]
[BlackElo "2355"]

1.e4 c5 2.Nf3 e6 3.d4 cxd4 4.Nxd4 Nc6 5.Nc3 a6 6.f4 d5 7.Be3 Bb4 8.Nxc6 bxc6
9.Qd4 Be7 10.Na4 Nf6 11.exd5 exd5 12.Be2 Rb8 13.Nb6 O-O 14.Nxc8 Qxc8 15.O-O c5
16.Qa4 c4 17.Bd4 Bc5 18.c3 Rxb2 19.Bf3 Bxd4+ 20.cxd4 Qf5 21.Kh1 Rfb8 22.Qxa6 Ne4
23.Rae1 Nf2+ 24.Kg1 Nd3 25.Re2 Rxe2 26.Bxe2 Nxf4 27.Bf3 g6 28.Qd6 Rb2 29.Qa3 Rb1
30.Rxb1 Qxb1+ 31.Kf2 Nd3+ 32.Kg3 Qe1+ 33.Kh3 h5 34.Qa8+ Kg7 35.Bxd5 Nf4+  0-1

[Event "SWE-ch"]
[Site "Linkoping"]
[Date "1996.??.??"]
[Round "7"]
[White "Hermansson, Emil"]
[Black "Sjoberg, Mats"]
[Result "1-0"]
[WhiteElo "2240"]
[BlackElo "2445"]

1.e4 c5 2.Nf3 e6 3.d4 cxd4 4.Nxd4 Nc6 5.Nc3 Qc7 6.Be2 a6 7.O-O Nf6 8.Be3 Bb4
9.Na4 Be7 10.c4 O-O 11.f3 d6 12.Rc1 Nd7 13.Nc3 Nxd4 14.Qxd4 b6 15.Rfd1 Rd8
16.b4 Rb8 17.Qd2 Bf8 18.Kh1 Re8 19.a3 Bb7 20.Bf1 Ba8 21.Qf2 Red8 22.Bg5 Re8
23.Qg3 Ne5 24.Bf4 Red8 25.c5 bxc5 26.bxc5 Qxc5 27.Nb5 Qb6 28.Nxd6 Rxd6 29.Bxe5 Rxd1
30.Rxd1 Rd8 31.Bc7 Rxd1 32.Bxb6 Rxf1+ 33.Bg1 Bc6 34.Qb8 Bb5 35.Qc8 Rd1 36.g4 g6
37.Kg2 Kg7 38.Be3 Bd6 39.a4 Bxa4 40.Qxa6 Bb3 41.Qb6 Rd3 42.f4 e5 43.f5 f6
44.h4 Bf7 45.g5 gxf5 46.exf5 e4 47.Bd4 Rd2+ 48.Kg1 Bh2+ 49.Kh1 e3 50.Qxf6+ Kf8
51.Qd8+  1-0

[Event "SWE-ch"]
[Site "Linkoping"]
[Date "1996.??.??"]
[Round "9"]
[White "Moberg, Karl Johan"]
[Black "Lindberg, Bengt"]
[Result "0-1"]
[WhiteElo "2405"]
[BlackElo "2355"]

1.e4 c5 2.Nf3 e6 3.d4 cxd4 4.Nxd4 Nc6 5.Nc3 a6 6.Nxc6 bxc6 7.Bd3 d5 8.O-O Bd6
9.Re1 Ne7 10.e5 Bb8 11.Na4 Ng6 12.f4 Ba7+ 13.Kh1 O-O 14.c4 f6 15.Bxg6 hxg6
16.c5 fxe5 17.fxe5 Rf5 18.b3 a5 19.Qd3 Bb8 20.Qg3 Bc7 21.Bb2 g5 22.Bd4 Qe7
23.Rac1 Ba6 24.Nb6 Raf8 25.Qc3 g4 26.Rcd1 Qh4 27.Qg3 Qh5 28.Qc3 Bd8 29.Bg1 Bh4
30.Qxa5 Bxe1 31.Rxe1 Bd3 32.Qc3 Be4 33.Nc4 g3 34.Ne3 Rf2 35.Qd4 Rxg2 36.Nxg2 Bxg2+
37.Kxg2 Qf3+ 38.Kh3 g2+ 39.Kh4  0-1

[Event "Lisboa VI Finalissima"]
[Site "Lisboa"]
[Date "1996.??.??"]
[Round "3"]
[White "Pereira, Joao"]
[Black "Santos, Carlos P"]
[Result "1/2-1/2"]
[WhiteElo "2140"]
[BlackElo "2330"]

1.e4 c5 2.Nf3 e6 3.d4 cxd4 4.Nxd4 Nc6 5.Nc3 Qc7 6.g3 a6 7.Bg2 d6 8.O-O Bd7
9.Re1 Be7 10.Nxc6 Bxc6 11.Be3 Nf6 12.a4 O-O 13.a5 Rac8 14.Bb6 Qd7 15.h3 Bd8
16.Be3 Bc7 17.Bg5 Qd8 18.e5 dxe5 19.Bxc6 Qxd1 20.Rexd1 bxc6 21.Bxf6 gxf6
22.Ne4 Bd8 23.Nc5 Be7 24.Nxa6 Ra8 25.Rd7 Rxa6 26.Rxe7 Rd8 27.Rb7 c5 28.b3 Rd2
29.Rb6 Ra8 30.a6 Kg7 31.a7 Rd7 32.Rc6 Raxa7 33.Rxa7 Rxa7 34.Rxc5 e4 35.b4 f5
36.b5 Kf6 37.Kf1 Ke7 38.Rc6 Kd7 39.Ke2 Ra2 40.Ke3 Rb2 41.c4 Rc2 42.Rc5 Kd6
43.Rc8 Kd7 44.Rc6 h5 45.h4 e5 46.Rf6 Rc3+ 47.Ke2 Rxc4 48.Rxf5 Ke6 49.Rxh5 Rb4
50.Rh6+ Kf5 51.Rh5+ Ke6 52.Rh6+ Kf5 53.Rh5+ Ke6  1/2-1/2

[Event "Ljubljana op"]
[Site "Ljubljana"]
[Date "1996.??.??"]
[Round "8"]
[White "Jaksa, Cvetko"]
[Black "Kragelj, Igor"]
[Result "1-0"]
[WhiteElo "1855"]
[BlackElo "2195"]

1.e4 c5 2.Nf3 Nc6 3.d4 cxd4 4.Nxd4 e6 5.Nc3 Qc7 6.a3 a6 7.Be3 Nf6 8.f3 b5
9.Qd2 Bb7 10.Bd3 Ne5 11.O-O Be7 12.Qf2 O-O 13.Rfd1 Rac8 14.Kh1 Bc5 15.h3 d5
16.exd5 Nxd5 17.Nxd5 Bxd5 18.c3 Nxd3 19.Rxd3 Bc4 20.Rd2 f5 21.Nc2 Be7 22.Rad1 Bd5
23.Bb6 Qb8 24.Nb4 Bb3 25.Re1 Qb7 26.Bd4 Bg5 27.f4 Be7 28.Nd3 Bd5 29.Re3 Rf7
30.h4 Bd6 31.h5 h6 32.Rg3 a5 33.Rg6 Kh7 34.Qg3 Rg8 35.Re2 Qd7 36.Rgxe6 Rf6
37.R6e3  1-0

[Event "Women-Veterans"]
[Site "London"]
[Date "1996.??.??"]
[Round "2"]
[White "Arakhamia, Ketevan"]
[Black "Taimanov, Mark E"]
[Result "1-0"]
[WhiteElo "2455"]
[BlackElo "2470"]

1.e4 c5 2.Nf3 e6 3.d4 cxd4 4.Nxd4 Nc6 5.Nc3 a6 6.Nxc6 bxc6 7.Bd3 d5 8.O-O Nf6
9.Re1 Be7 10.e5 Nd7 11.Qg4 g6 12.Bh6 Bf8 13.Bxf8 Kxf8 14.Na4 a5 15.b3 Ba6
16.c4 Kg7 17.Rac1 h5 18.Qd4 Qb8 19.h4 Rd8 20.Qf4 Qb4 21.Re3 Qd2 22.Rc2 Qd1+
23.Kh2 dxc4 24.bxc4 Qg4 25.Qxg4 hxg4 26.Be2 Rh8 27.Rd2 Bc8 28.Bxg4 Rxh4+
29.Kg3 g5 30.Rd6 c5 31.Rc6 Rb8 32.Nxc5 Nxc5 33.Rxc5 Rh8 34.Rxa5 Rd8 35.Ra7 Rd4
36.Rb3 Rxb3+ 37.axb3 Rd3+ 38.f3 Rxb3 39.Rc7 Rb8 40.Bh5 Ba6 41.Bxf7 Rc8 42.Ra7  1-0

[Event "Women-Veterans"]
[Site "London"]
[Date "1996.??.??"]
[Round "4"]
[White "Ioseliani, Nana"]
[Black "Taimanov, Mark E"]
[Result "1/2-1/2"]
[WhiteElo "2500"]
[BlackElo "2470"]

1.e4 c5 2.Nf3 e6 3.d4 cxd4 4.Nxd4 Nc6 5.Nc3 a6 6.g3 Nge7 7.Nb3 d6 8.Bg2 Bd7
9.a4 Nc8 10.O-O Be7 11.Qe2 O-O 12.Be3 b6 13.f4 Qc7 14.g4 Na5 15.Nd2 Re8 16.g5 Bf8
17.Rf3 g6 18.Rh3 Bc6 19.Qf2 Qe7 20.Re1 b5 21.axb5 axb5 22.b4 Nc4 23.Nxc4 bxc4
24.f5 Ra3 25.Bc1 Ra1 26.Qh4 h6 27.f6 Qa7+ 28.Kh1 Nb6 29.Be3 Ra8 30.gxh6 Kh7
31.Rg1 Rxg1+ 32.Bxg1 Qa1 33.Ne2 Nd7 34.Rf3 Qe5 35.Rf1 Ra1 36.Rxa1 Qxa1 37.Nd4 Ne5
38.Nxc6 Nxc6 39.b5 Nd4 40.b6 Qb1 41.Qf2 e5 42.c3 Ne6 43.Qf1 Qa2 44.Bh3 Nf4
45.Bd7 d5 46.Bc6 d4 47.cxd4 Bd6 48.Be3 c3 49.dxe5 Bxe5 50.Bxf4 Bxf4 51.Qxf4 c2
52.b7 Qb1+ 53.Kg2 c1=Q 54.Qxc1 Qxc1 55.b8=Q Qxc6 56.Qf4 Qc2+ 57.Kg3 Qc3+
58.Kg4 Qc8+ 59.Kh4 Qc4 60.Qe3 Qf1 61.Kg3 Qxf6  1/2-1/2

[Event "Women-Veterans"]
[Site "London"]
[Date "1996.??.??"]
[Round "8"]
[White "Polgar, Sofia"]
[Black "Taimanov, Mark E"]
[Result "0-1"]
[WhiteElo "2480"]
[BlackElo "2470"]

1.e4 c5 2.Nf3 e6 3.d4 cxd4 4.Nxd4 Nc6 5.Nc3 a6 6.Be3 Nxd4 7.Qxd4 Ne7 8.f4 b5
9.O-O-O Nc6 10.Qd2 Be7 11.Qf2 Bb7 12.g4 O-O 13.Bg2 Qc8 14.Bc5 Bxc5 15.Qxc5 Na5
16.Qxc8 Bxc8 17.Rd3 Ra7 18.Rhd1 Rc7 19.b3 f6 20.h4 Nc6 21.a4 Nb4 22.Rh3 bxa4
23.bxa4 Bb7 24.Rd4 a5 25.Bf1 Rfc8 26.Kb2 d5 27.exd5 Nxd5 28.Nb5 Rxc2+ 29.Kb3 Nxf4
30.Rc3 R2xc3+ 31.Nxc3 Nd5 32.Ne4 Ne3 33.Nd6 Rd8 34.Bc4 Bd5  0-1

[Event "Women-Veterans"]
[Site "London"]
[Date "1996.??.??"]
[Round "8"]
[White "Ioseliani, Nana"]
[Black "Portisch, Lajos"]
[Result "0-1"]
[WhiteElo "2500"]
[BlackElo "2600"]

1.e4 c5 2.Nf3 Nc6 3.d4 cxd4 4.Nxd4 e6 5.Nc3 a6 6.g3 d6 7.Bg2 Bd7 8.O-O Nf6
9.Be3 Be7 10.Nxc6 Bxc6 11.a4 Qa5 12.h3 O-O 13.g4 d5 14.exd5 Nxd5 15.Nxd5 Bxd5
16.Bxd5 Rad8 17.Qf3 Rxd5 18.Rfd1 Rfd8 19.c3 h6 20.Kg2 R5d7 21.Rxd7 Rxd7 22.Rd1 Rxd1
23.Qxd1 Qc7 24.Qf3 Qd7 25.Bd4 Bd6 26.Qe4 Bb8 27.Be3 f5 28.Qc4 Kh7 29.gxf5 exf5
30.Qc5 Qe6 31.Qd4 Qg6+ 32.Kf1 Qc6 33.Kg1 Qf3 34.h4 Qh3 35.f4 Qxh4 36.Kg2 Qg4+
37.Kf2 h5 38.Qb4 b5 39.axb5 axb5 40.Qxb5 Bxf4 41.Bd4 Bg3+ 42.Kf1 Qf3+ 43.Kg1 h4
44.Qd7 Qg4  0-1

[Event "Women-Veterans"]
[Site "London"]
[Date "1996.??.??"]
[Round "10"]
[White "Xie Jun"]
[Black "Taimanov, Mark E"]
[Result "1-0"]
[WhiteElo "2510"]
[BlackElo "2470"]

1.e4 c5 2.Nf3 e6 3.d4 cxd4 4.Nxd4 Nc6 5.Nc3 a6 6.Be3 Nxd4 7.Qxd4 Ne7 8.O-O-O b5
9.Qd2 Nc6 10.f4 Be7 11.g4 Bb7 12.Rg1 Rc8 13.Kb1 Na5 14.Qd4 O-O 15.e5 Bc5
16.Qd3 Qb6 17.Bxc5 Qxc5 18.Bg2 Bxg2 19.Rxg2 Nc4 20.Ne4 Qe3 21.b3 Qxf4 22.bxc4 Rxc4
23.Nd2 Rd4 24.Qg3 g5 25.Qxf4 gxf4 26.g5 Kg7 27.Re1 Rc8 28.Re4 Rcc4 29.Re1 Rc3
30.Nb3 Rd5 31.Rg4 Re3 32.Rxe3 fxe3 33.Re4 Kg6 34.h4 Rd1+ 35.Kb2 Re1 36.Nd4 Kh5
37.Kc3 Ra1 38.Kd3 Rxa2 39.Kxe3 Ra3+ 40.Kf2 Rc3 41.Rf4 Kg6 42.Rf6+ Kg7 43.Rf3 Rc5
44.Re3 a5 45.Ke2 b4 46.Kd2 Rd5 47.Re4 d6 48.exd6 e5 49.Ke3 Kg6 50.Nc6 Rxd6
51.Nxe5+ Kh5 52.Rf4 b3 53.cxb3 Rb6 54.Rxf7 Kxh4 55.Kf4 h6 56.g6 Rb4+ 57.Kf5  1-0

[Event "Loures"]
[Site "Loures"]
[Date "1996.??.??"]
[Round "6"]
[White "Spraggett, Kevin"]
[Black "Gaspar, Artur"]
[Result "1-0"]
[WhiteElo "2530"]
[BlackElo "2180"]

1.e4 c5 2.Nc3 e6 3.Nge2 Nc6 4.d4 cxd4 5.Nxd4 Qc7 6.g3 a6 7.Bg2 Nf6 8.O-O d6
9.Kh1 Bd7 10.Nde2 Be7 11.h3 O-O 12.g4 Bc8 13.g5 Nd7 14.f4 Re8 15.h4 b5 16.Ng3 Bb7
17.Nce2 Bf8 18.f5 d5 19.fxe6 fxe6 20.Nf4 Rad8 21.exd5 Nb4 22.Qg4 Nc5 23.g6 h6
24.Nfh5 Nxd5 25.Bxh6 Nd7 26.Bg5 Be7 27.Qxe6+ Kh8 28.Qf7  1-0

[Event "Loures"]
[Site "Loures"]
[Date "1996.??.??"]
[Round "11"]
[White "Gaspar, Artur"]
[Black "Costa, FJ."]
[Result "1-0"]
[WhiteElo "2180"]
[BlackElo "2175"]

1.e4 c5 2.Nf3 e6 3.d4 cxd4 4.Nxd4 Nc6 5.Nc3 Qc7 6.Ndb5 Qb8 7.a4 b6 8.g3 a6
9.Na3 Na5 10.Bf4 d6 11.Bg2 e5 12.Be3 Nf6 13.O-O Be6 14.Nd5 Bxd5 15.exd5 b5
16.axb5 axb5 17.Qe2 b4 18.Nc4 Nxc4 19.Qxc4 Rxa1 20.Rxa1 Ng8  1-0

[Event "DEN-chJ"]
[Site "Lyngby"]
[Date "1996.??.??"]
[Round "3"]
[White "Sylvan, Jacob"]
[Black "Kulaots, Kaido"]
[Result "0-1"]
[WhiteElo "2285"]
[BlackElo "2405"]

1.e4 c5 2.Nf3 Nc6 3.d4 cxd4 4.Nxd4 e6 5.Nc3 Qc7 6.Be2 a6 7.Be3 b5 8.a3 Bb7
9.O-O Nf6 10.f4 Bc5 11.Kh1 Qb6 12.Nxc6 Bxe3 13.Ne5 Bd4 14.Bd3 h5 15.Qd2 d6
16.Nf3 Be3 17.Qe2 Bxf4 18.e5 dxe5 19.Nxe5 Bxe5 20.Qxe5 Rc8 21.Rae1 h4 22.Be4 h3
23.gxh3 Rxh3 24.Rxf6 gxf6 25.Qxf6 Rcxc3 26.bxc3 Bxe4+ 27.Rxe4 Qc6 28.Kg2 Re3
29.Qh8+ Ke7 30.Qh4+ Kd7  0-1

[Event "Makarska"]
[Site "Makarska"]
[Date "1996.??.??"]
[Round "5"]
[White "Zelcic, Robert"]
[Black "Stevic, Hrvoje"]
[Result "0-1"]
[WhiteElo "2495"]
[BlackElo "2395"]

1.e4 c5 2.Nf3 e6 3.Nc3 Nc6 4.d4 cxd4 5.Nxd4 d6 6.Be2 Nf6 7.O-O Be7 8.Kh1 O-O
9.f4 Qc7 10.Be3 Nxd4 11.Qxd4 b6 12.f5 Bb7 13.Bg5 Rac8 14.Qd3 Kh8 15.Rad1 a6
16.a4 Qc5 17.Qh3 e5 18.Rf3 Rfd8 19.Qh4 Qb4 20.Bd3 Qxb2 21.Rh3 Kg8 22.Nd5 Bxd5
23.exd5 Rxc2 24.Bxc2 Qxc2 25.Rc1 Qxf5 26.Rf3 Qg6 27.Rg3 Kh8 28.h3 Ne4 29.Bxe7 Nxg3+
30.Kh2 Nf5 31.Qg5 Qxg5 32.Bxg5 f6 33.Bd2 Ne7 34.Bb4 h6 35.Rd1 Nf5 36.g4 Ne3
37.Rd3 Nc4 38.h4 g6 39.Rf3 Rf8  0-1

[Event "Manresa op"]
[Site "Manresa"]
[Date "1996.??.??"]
[Round "6"]
[White "Pablo, E."]
[Black "Perez, J."]
[Result "0-1"]
[WhiteElo "2130"]
[BlackElo "2235"]

1.e4 c5 2.Nf3 e6 3.d4 cxd4 4.Nxd4 Nc6 5.Nc3 Qc7 6.a3 a6 7.Be2 Nf6 8.Nb3 Be7
9.O-O O-O 10.f4 d6 11.Kh1 Rd8 12.Bf3 b5 13.Qe1 Bb7 14.Bd2 Rab8 15.Rc1 Ba8
16.Ne2 d5 17.e5 Nd7 18.Ng3 g6 19.Ne2 Nb6 20.Na5 Nc4 21.Nxc4 bxc4 22.Rb1 d4
23.c3 d3 24.Ng1 Na5 25.Bxa8 Rxa8 26.Nf3 Rab8 27.h4 Rb7 28.h5 Rdb8 29.h6 Rxb2
30.Rxb2 Rxb2 31.f5 exf5 32.Nd4 Nb3 33.Nxb3 Rxb3 34.e6 Bf6 35.Bf4 Qe7 36.exf7+ Kxf7
37.Qg3 Rb2 38.Qf3 Qe4 39.Qg3 Re2 40.Rb1 d2 41.Bxd2 Qxb1+  0-1

[Event "ITA-ch"]
[Site "Mantova"]
[Date "1996.??.??"]
[Round "2"]
[White "Tatai, Stefano"]
[Black "Mantovani, Renzo"]
[Result "0-1"]
[WhiteElo "2375"]
[BlackElo "2360"]

1.e4 c5 2.Nf3 e6 3.d4 cxd4 4.Nxd4 Nc6 5.Nc3 d6 6.g3 Bd7 7.Bg2 Nf6 8.O-O Be7
9.Re1 O-O 10.a4 Qc7 11.Ndb5 Qb8 12.Bg5 a6 13.Bxf6 gxf6 14.Na3 Qa7 15.Qh5 Ne5
16.Bf1 Rfc8 17.Kg2 Rc5 18.f4 Ng6 19.Qf3 Rac8 20.Qe3 Qb8 21.Bd3 b5 22.axb5 axb5
23.Nab1 b4 24.Ne2 Bd8 25.Qd2 d5 26.c3 dxe4 27.Bxe4 Bc6 28.Bxc6 R8xc6 29.Qe3 Rd5
30.Ra4 Be7 31.Nd4 Rb6 32.c4 Rd8 33.Nb5 Rxb5 34.cxb5 Qxb5 35.b3 Rd3 36.Qe2 Qd5+
37.Qe4 Qxb3 38.Ra8+ Kg7 39.Rc8 f5 40.Qc4 Qb2+ 41.Kh3 Rf3  0-1

[Event "ITA-ch"]
[Site "Mantova"]
[Date "1996.??.??"]
[Round "5"]
[White "Bellini, Fabio"]
[Black "Godena, Michele"]
[Result "0-1"]
[WhiteElo "2390"]
[BlackElo "2550"]

1.e4 c5 2.Nf3 Nc6 3.d4 cxd4 4.Nxd4 e6 5.Nc3 a6 6.g3 Qc7 7.Bg2 Nf6 8.O-O Bc5
9.Nxc6 dxc6 10.Na4 Ba7 11.c4 Nd7 12.Qc2 b5 13.cxb5 axb5 14.Nc3 Ba6 15.Re1 b4
16.Nd5 Qb7 17.Qd2 cxd5 18.exd5 e5 19.d6 Qc8 20.Bxa8 Qxa8 21.Qxb4 Qf3 22.Be3 Bb7
23.Kf1 Ba6+ 24.Kg1 Bb7 25.Kf1 Bxe3 26.Rxe3 Qh1+ 27.Ke2 Ba6+ 28.Kd2 Qxa1 29.Rxe5+ Nxe5
30.Qa4+ Kf8 31.Qb4 Qxb2+  0-1

[Event "Mar del Plata op"]
[Site "Mar del Plata"]
[Date "1996.??.??"]
[Round "5"]
[White "Fiorito, Fabian"]
[Black "Zapata, Alonso"]
[Result "1/2-1/2"]
[WhiteElo "2455"]
[BlackElo "2505"]

1.e4 c5 2.Nf3 e6 3.d4 cxd4 4.Nxd4 Nc6 5.Nc3 Qc7 6.Nxc6 dxc6 7.f4 e5 8.f5 Nf6
9.Bd3 Bc5 10.Qf3 b6 11.g4 h6 12.Bd2 Bb7 13.O-O-O O-O-O 14.Ne2 b5 15.Ng3 Bb6
16.g5 hxg5 17.Bxg5 Rd6 18.h4 Nd7 19.Be7 Rdh6 20.Bg5 Rd6 21.Be7 Rdh6  1/2-1/2

[Event "Mar del Plata op"]
[Site "Mar del Plata"]
[Date "1996.??.??"]
[Round "6"]
[White "Cristobal, Ruben"]
[Black "Toth, Christian Endre"]
[Result "0-1"]
[WhiteElo "2250"]
[BlackElo "2375"]

1.e4 c5 2.Nf3 e6 3.d4 cxd4 4.Nxd4 Nc6 5.Nc3 a6 6.f4 d5 7.exd5 exd5 8.Qe2+ Be7
9.Be3 Nf6 10.O-O-O O-O 11.h3 Re8 12.Qf3 Bb4 13.Nxc6 bxc6 14.Bd4 a5 15.a3 Bf8
16.g4 Rb8 17.Qf2 Nd7 18.Na4 Qc7 19.Rd3 c5 20.Rc3 c4 21.Re3 Rxe3 22.Qxe3 Bd6
23.Kb1 Bxf4 24.Qc3 Qc6 25.Qf3 Be5 26.Bxe5 Nxe5 27.Qg3 Qd6 28.Rg1 Bd7 29.Nc5 Qxc5
30.Qxe5 Re8 31.Qg3 d4 32.Rg2 c3 33.Re2 Be6  0-1

[Event "Mar del Plata op"]
[Site "Mar del Plata"]
[Date "1996.??.??"]
[Round "7"]
[White "Szmetan, Jorge"]
[Black "Milos, Gilberto"]
[Result "1/2-1/2"]
[WhiteElo "2405"]
[BlackElo "2565"]

1.e4 c5 2.Nf3 e6 3.d4 cxd4 4.Nxd4 Nc6 5.Nc3 Qc7 6.g3 a6 7.Bg2 Nf6 8.O-O Bc5
9.Bf4 e5 10.Nb3 exf4 11.Nxc5 fxg3 12.hxg3 d6 13.Nd3 h5 14.Nd5 Nxd5 15.exd5 Ne7
16.Re1 Kf8 17.Nf4 h4 18.g4 Bd7 19.Qf3 Qxc2 20.Rac1 Qxb2 21.Rc7 Ke8 22.Qe3 Qe5
23.Qxe5 dxe5 24.Rxe5 Kd8 25.Rxb7 Rc8 26.d6 Rc1+ 27.Kh2 Nc8 28.Nd3 Rd1 29.Nc5 Rxd6
30.Rd5 Be8 31.Rxd6+ Nxd6 32.Rb6 Kc7 33.Rxa6 Bb5 34.Ra3 Re8 35.Rc3 Kb6 36.a4 Be2
37.Nb3 Rc8  1/2-1/2

[Event "Mar del Plata op"]
[Site "Mar del Plata"]
[Date "1996.??.??"]
[Round "9"]
[White "Vasta, Eduardo"]
[Black "Bonaveri, Agustin"]
[Result "1-0"]
[WhiteElo "2400"]
[BlackElo "2290"]

1.e4 c5 2.Nf3 e6 3.d4 cxd4 4.Nxd4 Nc6 5.Nc3 Qc7 6.Be3 a6 7.Bd3 Nf6 8.O-O Ne5
9.h3 Bc5 10.Qe2 d6 11.Rad1 O-O 12.f4 Ng6 13.g4 e5 14.fxe5 dxe5 15.Nf5 Nf4
16.Qf3 b5 17.Kh2 Bxe3 18.Nxe3 Bb7 19.a3 Rad8 20.Ng2 Ne6 21.Qg3 Nc5 22.Rxf6 gxf6
23.Ne3 Nxe4 24.Nxe4 Bxe4 25.Bxe4 Rxd1 26.Nxd1 Rd8 27.Ne3 Qc5 28.Qf3 Qd4 29.Qxf6 Qd2+
30.Ng2 Rd4 31.Qxe5 Rd6 32.Qf5 h6 33.Qf4 Qd4 34.Nh4 Qd1 35.Bd3 Re6 36.Qb8+ Kg7
37.Nf5+ Kh7 38.Ne3+  1-0

[Event "Maribor"]
[Site "Maribor"]
[Date "1996.??.??"]
[Round "?"]
[White "Sax, Gyula"]
[Black "Gostisa, Leon"]
[Result "1-0"]
[WhiteElo "2560"]
[BlackElo "2425"]

1.e4 c5 2.Nf3 e6 3.d4 cxd4 4.Nxd4 Nc6 5.Nc3 Qc7 6.Be3 a6 7.Bd3 Nf6 8.O-O Ne5
9.h3 b5 10.f4 Nc4 11.Bxc4 Qxc4 12.Qd3 d5 13.e5 Nd7 14.Qd1 g6 15.a4 b4 16.Na2 Be7
17.c3 bxc3 18.Nxc3 Nc5 19.Rc1 Bd7 20.f5 gxf5 21.Nxf5 Qd3 22.Ng7+ Kd8 23.Qxd3 Nxd3
24.Bb6+ Kc8 25.Nxd5+ Nxc1 26.Rxc1+ Kb8 27.Nxe7 Bxa4 28.Nh5 Kb7 29.Ba5  1-0

[Event "Maribor"]
[Site "Maribor"]
[Date "1996.??.??"]
[Round "?"]
[White "Simic, Dragan"]
[Black "Podlesnik, Bogdan"]
[Result "1/2-1/2"]
[WhiteElo "2330"]
[BlackElo "2410"]

1.e4 c5 2.Nf3 Nc6 3.Nc3 e6 4.d4 cxd4 5.Nxd4 Nf6 6.Ndb5 d6 7.Bf4 e5 8.Bg5 a6
9.Na3 b5 10.Nd5 Be7 11.Bxf6 Bxf6 12.c3 Bg5 13.Nc2 Rb8 14.Be2 O-O 15.O-O Be6
16.Nce3 Bxe3 17.Nxe3 Ne7 18.Bg4 Qd7 19.h3 g6 20.Bxe6 fxe6 21.Qd3 Qc6 22.Rfd1 Rfd8
23.Rd2 Kg7 24.Rad1 Ng8 25.f3 Rb7 26.Kh2 Rbd7 27.c4 Nf6 28.Qb3 Kf7 29.Rc2 Rb8  1/2-1/2

[Event "Marijampole op"]
[Site "Marijampole"]
[Date "1996.??.??"]
[Round "3"]
[White "Macionis, Andrius"]
[Black "Jakubauskas, Zygimantas"]
[Result "1-0"]
[WhiteElo "2295"]
[BlackElo "2090"]

1.e4 c5 2.Nf3 Nc6 3.Nc3 e6 4.d4 cxd4 5.Nxd4 a6 6.Be2 Nf6 7.O-O b5 8.Re1 Qc7
9.Nxc6 dxc6 10.e5 Nd5 11.Nxd5 cxd5 12.Bd3 Bc5 13.Qh5 g6 14.Qh4 Be7 15.Bg5 Bxg5
16.Qxg5 Qe7 17.Qh6 Bd7 18.Re3 Qf8 19.Qf4 Qe7 20.Rf3 O-O 21.h4 Kg7 22.h5 f5
23.exf6+ Rxf6 24.Qh4 e5 25.hxg6 hxg6 26.Rd1 Rh8 27.Qxf6+ Qxf6 28.Rxf6 Kxf6
29.Be4 dxe4 30.Rxd7 Rc8 31.Rd2 Kf5 32.c3 Rc4 33.Kf1 b4 34.cxb4 Rxb4 35.Rc2 a5
36.b3 Rd4 37.Rc4 g5 38.Ke2 g4 39.g3 Rd5 40.Ra4 Rc5 41.Rc4 Rd5 42.Rc8 Rd4
43.Rf8+ Ke6 44.Ra8 Rd5 45.Ke3 Kf5 46.Rc8 Rd3+ 47.Ke2 Rd5 48.Rc4 Rd4 49.Ke3 Rd3+
50.Ke2 Rd4 51.Rc3 a4 52.bxa4 Rxa4 53.a3 Ke6 54.Kd2 Ra8 55.Ke3 Kd5 56.Rb3 Ra5
57.Kd2 Ra8 58.Ke3 Ra5 59.Rc3 Ra8 60.Ke2 Ra7 61.Kd1 Kd4 62.Rb3 Kc4 63.Rb4+ Kd3
64.a4 Rf7 65.Ke1 Ra7 66.Kd1 e3 67.Rb3+ Kd4 68.fxe3+ Ke4 69.Ra3 Kf3 70.e4+ Kxe4
71.a5 Ra6 72.Ke2 Kd5 73.Ke3 Rf6 74.Rd3+ Kc4 75.Ke4 Rf1 76.Ra3 Kb4 77.Ra2 Kb3
78.Rd2 Re1+ 79.Kf5 e4 80.Kxg4 e3 81.Rd3+ Kc2 82.Ra3 Kb2 83.a6 Kxa3 84.a7 Rf1
85.a8=Q+ Kb3 86.Qe4 Re1 87.Qd3+ Kb4 88.Kf3  1-0

[Event "LTU-ch (Women)"]
[Site "Marijampole"]
[Date "1996.??.??"]
[Round "4"]
[White "Ciuksyte, Dagne"]
[Black "Milasiute, Vygante"]
[Result "1-0"]
[WhiteElo "2245"]
[BlackElo "2060"]

1.e4 c5 2.Nf3 e6 3.Nc3 Nc6 4.d4 cxd4 5.Nxd4 Nf6 6.Ndb5 d6 7.Bf4 e5 8.Bg5 a6
9.Na3 b5 10.Bxf6 gxf6 11.Nd5 f5 12.Bd3 Be6 13.Qh5 Bg7 14.O-O f4 15.c4 b4
16.Nc2 a5 17.Rfd1 h6 18.Be2 Rc8 19.Rac1 Ne7 20.b3 Nxd5 21.cxd5 Bd7 22.Bg4 Rc7
23.Bxd7+ Qxd7 24.Ne1 O-O 25.Qe2 Rfc8 26.Qd2 Bf6 27.Rxc7 Qxc7 28.Nd3 Qc2 29.Kf1 Bg5
30.f3 Bd8 31.Qxc2 Rxc2 32.Rc1 Rxc1+ 33.Nxc1 Bb6 34.Ke2 Bg1 35.Nd3 Bd4 36.Kd1 Kf8
37.Ne1 Ke7 38.Nc2 Bg1 39.h3 Kd7 40.Ke2 Kc7 41.Ne1 Kb6 42.Nd3 Bd4 43.Kf1 Kb5
44.Nc1 Be3 45.Ne2 Kc5 46.h4 Kb5 47.g3 a4 48.Kg2 axb3 49.axb3 Kc5 50.h5 f6
51.Kh3 f5 52.Kg2 fxe4 53.fxe4 fxg3 54.Kxg3 Bg5 55.Kf3 Bh4 56.Ke3 Bg5+ 57.Kd3 Bh4
58.Ng1 Bg5 59.Nf3 Be3 60.Nh4 Bg5 61.Nf5 Bf4 62.Ng7 Bc1 63.Ne6+ Kb6 64.Kc4 Bd2
65.Nd8 Kc7 66.Nc6 Kd7 67.Nxb4 Ke7 68.Nc6+ Kf6 69.Kd3 Bc1 70.b4 Ba3 71.b5 Bc5
72.Nb8 Kg5 73.Nd7 Bd4 74.b6 Kxh5 75.b7 Ba7 76.b8=Q Bxb8 77.Nxb8 Kg4 78.Nd7 Kf4
79.Nf6 Kg5 80.Ne8 h5 81.Ke3 Kg4 82.Kf2 Kf4 83.Nxd6 h4 84.Kg2  1-0

[Event "Marijampole op"]
[Site "Marijampole"]
[Date "1996.??.??"]
[Round "8"]
[White "Zavoronkov, Vladimir"]
[Black "Kulaots, Kaido"]
[Result "0-1"]
[WhiteElo "2240"]
[BlackElo "2400"]

1.e4 c5 2.Nf3 Nc6 3.Nc3 e6 4.d4 cxd4 5.Nxd4 Qc7 6.Be2 a6 7.O-O Nf6 8.Be3 Bb4
9.Nxc6 bxc6 10.Na4 Rb8 11.c4 Bd6 12.f4 Nxe4 13.c5 Be7 14.Bd3 Nf6 15.Bd4 Rb4
16.Bc2 d6 17.a3 Rb5 18.Bd3 dxc5 19.Be5 Qb7 20.Kh1 O-O 21.Rc1 g6 22.Bxb5 cxb5
23.Nxc5 Nd5 24.Bd4 Qb8 25.Qf3 Rd8 26.Be5 Qa7 27.b4 a5 28.Rfd1 axb4 29.axb4 f6
30.Bb2 Qb8 31.f5 gxf5 32.Rd4 Kh8 33.Rh4 Bd6 34.Rd1 Be5 35.Qh5 Qc7 36.Bxe5 fxe5
37.Rd3 e4 38.Rdh3 Nf6 39.Qe2 Qe5 40.Ra3 Qb2  0-1

[Event "SVK-ch"]
[Site "Martin"]
[Date "1996.??.??"]
[Round "2"]
[White "Komora, Andrej"]
[Black "Priehoda, Vitezslav"]
[Result "1-0"]
[WhiteElo "2145"]
[BlackElo "2380"]

1.e4 c5 2.Nf3 e6 3.d4 cxd4 4.Nxd4 Nc6 5.Nc3 Qc7 6.Be3 a6 7.Be2 Bb4 8.f4 Nf6
9.Bf3 d5 10.e5 Nd7 11.O-O Nb6 12.Nce2 Nc4 13.Bc1 Bd7 14.c3 Be7 15.b3 Nxd4
16.Nxd4 Na5 17.Qe1 O-O 18.Bb2 Nc6 19.Rc1 Qa5 20.a4 Qb6 21.Qd1 Rfc8 22.Kh1 Nxd4
23.cxd4 Rxc1 24.Bxc1 Rc8 25.f5 Rc3 26.f6 gxf6 27.Bh6 Rc8 28.Bh5 f5 29.Bxf7+ Kxf7
30.Qh5+ Kg8 31.Rf3 Kh8 32.Qf7 Rg8 33.Qxe7 Qd8 34.Bg7+  1-0

[Event "SVK-ch"]
[Site "Martin"]
[Date "1996.??.??"]
[Round "5"]
[White "Petrik, Tomas"]
[Black "Grabliauskas, Virginijus"]
[Result "0-1"]
[WhiteElo "2180"]
[BlackElo "2405"]

1.e4 c5 2.Nf3 e6 3.d4 cxd4 4.Nxd4 Nc6 5.Nc3 Qc7 6.Be2 a6 7.O-O Nf6 8.a3 Bc5
9.Be3 d6 10.Nxc6 Qxc6 11.Bxc5 Qxc5 12.Qd3 b5 13.Rfd1 Ke7 14.Qg3 Bb7 15.Bf3 Qe5
16.Qxg7 Rhg8 17.Qh6 Rg5 18.h4 Rg6 19.Qe3 Nd7 20.Kf1 Rc8 21.Qd4 Qh2 22.g3 e5
23.Qe3 Qh3+ 24.Ke2 Nc5 25.Nd5+ Bxd5 26.Rxd5 Na4 27.Qb3 Rc4 28.c3 Nc5 29.Qc2 Rxg3
30.Rh1 Rxf3 31.Rxh3 Rxh3 32.Qd1 Rxh4 33.Qg1 Rcxe4+ 34.Kd1 Reg4 35.Qf1 Ne4
36.Kc2 Rh2 37.Kb3 Rf4 38.Qe1 Rfxf2 39.Kb4 Nf6 40.Rd3 Rxb2+ 41.Ka5 Rb3 42.Qf1 Rxa3+
43.Kb4 Ra4+ 44.Kb3 Raa2 45.c4 Rhb2+  0-1